| 000 | 01173nam a22002897a 4500 | ||
|---|---|---|---|
| 003 | AR-CdUFF | ||
| 005 | 20141216145501.0 | ||
| 008 | 090907s2007 ag||||| |||| 00| 0 spa d | ||
| 020 | _a9789870224709 | ||
| 040 |
_aAR-CdUFF _cAR-CdUFF |
||
| 041 | 0 | _aspa | |
| 080 | _a331.47 | ||
| 082 | 1 | 4 |
_214 _a613.62 |
| 100 | 1 |
_92458 _aValli, Antonio Héctor |
|
| 245 | 1 | 3 |
_aLa salud ocupacional y el ausentismo : _bexperiencia en una organización pública / _cAntonio H. Valli y Carolina Ramos Luna. |
| 260 |
_aBuenos Aires : _bDunken, _c2007. |
||
| 300 |
_a70 p. ; _c21 cm. |
||
| 504 | _aIncluye referencias bibliográficas. | ||
| 505 | 0 | _aLa salud ocupacional. El antes y el después : una nueva mirada de la salud ocupacional. Organizaciones en crisis: las implicancias en la salud de los trabajadores. La terapéutica: experiencias de intervención antes y después del proceso diagnóstico. | |
| 650 | 1 | 7 |
_91041 _aTRABAJO |
| 650 | 1 | 7 |
_91007 _aSALUD |
| 650 | 1 | 7 |
_91009 _aSALUD PUBLICA |
| 650 | 1 | 7 |
_9566 _aPSICOLOGIA DEL TRABAJO |
| 700 | 1 |
_92459 _aRamos Luna, Carolina |
|
| 942 |
_2ddc _cLIBRO |
||
| 990 | _aUniversidad Nacional de Córdoba - Catálogo Unificado de Bibliotec | ||
| 999 |
_c2421 _d2421 |
||